| 000 | 00655cam a2200205 a 4500 | ||
|---|---|---|---|
| 001 | 000007918 | ||
| 005 | 20200929154341.0 | ||
| 008 | 810415s1991 cu 000 f spa | ||
| 040 |
_aDO-SdBNP _bspa _dDLC _dBNPHU |
||
| 082 |
_aCu863.44 _bV666a |
||
| 100 | 1 |
_aVieta, Ezequiel, _d1922- _921702 |
|
| 245 | 1 | 0 |
_aAquelarre / _cEzequiel Vieta; Edición Pedro De Oraá. |
| 260 |
_aLa Habana, Cuba : _bUnión de Escritores y Artistas de Cuba, _c1991. |
||
| 300 |
_a131 p. ; _c19 cm. |
||
| 490 | 1 | _aContemporáneos | |
| 650 | 4 |
_aNovela cubana _92316 |
|
| 650 | 4 |
_aLiteratura cubana _91483 |
|
| 830 | 0 |
_aContemporáneos _96941 |
|
| 910 | _aCatalogación original noche | ||
| 999 |
_c7696 _d7696 |
||